00239nam a2200097Ia 4500008004100000082001200041100002400053245004600077260000900123300000900132190415s9999 xx 000 0 und d aRG.0149 aGupta, Malabika Das 0aClass formation among the mogs of Tripura c1991 av.p.